| 000 | 00526cam a2200205ua 4500 | ||
|---|---|---|---|
| 020 | _a0-07-038138-0 | ||
| 041 |
_aeng _h |
||
| 082 |
_a005.133 _bBEL/PA |
||
| 100 | _aBelford, Geneva G . | ||
| 245 |
_aPascal / _cGeneva G Belford. _hTheses |
||
| 250 |
_a1 / _b. |
||
| 260 |
_aNew York : _bMcGraw Hill Book Company , _c1986. |
||
| 300 | _a333 ; . | ||
| 440 | 0 |
_aComputer Science Series, _v _x; |
|
| 490 | 0 |
_aComputer Science Series, _v _x; |
|
| 504 | _a | ||
| 700 | 1 | _aLiu, C L . | |
| 942 | _cBK | ||
| 999 |
_c10898 _d10898 |
||